5 najbardziej znanych dzielnic w 5 największych miastach Polski - Statystyki

Ogólne statystyki
  • Ten quiz został rozwiązany 36 razy
  • Średni wynik to 12 z 25
Statystyki odpowiedzi
% zgadywanych Dzielnica % Poprawnych
88 Praga Południe
84%
90 Praga Północ
81%
83 Śródmieście
81%
75 Śródmieście
81%
85 Śródmieście
81%
81 Mokotów
78%
87 Stare Miasto
75%
69 Stare Miasto
75%
80 Stare Miasto
75%
71 Ursynów
63%
90 Bałuty
56%
91 Nowa Huta
56%
86 Widzew
47%
66 Krzyki
34%
76 Psie Pole
34%
73 Wilda
34%
78 Jeżyce
31%
68 Bronowice
28%
68 Prądnik Biały
22%
67 Prądnik Czerwony
19%
47 Fabryczna
16%
51 Górna
13%
52 Polesie
13%
68 Grunwald Północ
0%
68 Grunwald Południe
0%
Nie znaleziono quizów pasujących do podanych kryteriów
Rozkład punktacji
Procent ludzi z każdym wynikiem
Percentyl według liczby udzielonych odpowiedzi
Twoja historia wyników
Nie rozwiązałeś tego quizu